000 00902cam a22002771 4500
001 ne 66001279
003 DLC
005 20260227111824.0
008 960614s1962 ku a 000 0 arar
010 _ane 66001279
025 _aPL480:UAR-2682
035 _a(OCoLC)34932523
040 _aDLC
_cCLU
_dDLC
041 0 _aaraeng
042 _apremarc
050 0 0 _aNC319.K83
_bS5
100 1 _aShibr, Sābā Jūrj,
_d1923-
245 1 0 _aWujūh al-Madīnah,
_cbi-Qalam wa-Rishat Sāba Jūrj Shibr.
246 1 5 _aFaces of the city, text and sketches by Saba George Shiber
260 _a[al-Kuwayt]
_bDīwān al-Muwaẓafīn
_c[1962]
300 _a1 v. (chiefly illus.)
_c24 cm.
500 _aMulḥaq Majalat al-Muwaẓaf, al-ʻAdad al-Sābiʻ Yūlyū 1962.
500 _aArabic and English.
650 0 _aCities and towns
_vPictorial works.
730 0 _aMajallat al-muwaẓẓaf.
_kSupplement.
999 _c49010
_d49010